| 000 | 00617nam a2200181Ia 4500 | ||
|---|---|---|---|
| 005 | 20250508153348.0 | ||
| 008 | 008 250505s9999 xx 000 0 fre d | ||
| 037 | _aBooks to be hide in OPAC | ||
| 040 |
_aFEDL _beng _cFEDL |
||
| 041 |
_afre _2eng |
||
| 084 |
_a607, LEN/O _qFEDL |
||
| 245 | 0 | _aL' enseignement techniique en France: Etude publiee a L' occasion de L' exposition de 1900 | |
| 245 | 0 | _cDes Postes Et Des Telegraphes. De Commerce, De L'Industrie, (Ministere Du ...) | |
| 260 |
_aParis _bImprimerie Nationale |
||
| 490 | _vvol. 3 | ||
| 942 |
_cHB _h607, LEN/O |
||
| 999 |
_c1342300 _d1342300 |
||